000 00557nam a22001815i 4500
001 159603
003 ES-MaACL
005 20250821063059.0
008 040916s1866 fr |||| | fre d
040 _aCAM
_bspa
_cCAM
100 1 _aMichelet, Jules,
_d1798-1874
_980919
245 1 3 _aLe peuple /
_cJ. Michelet.
250 _a4e éd.
260 _aParis :
_bLibrairie Chamerot et Lauwereyns,
_c1866 (
_fImp. Simon Raçon et Comp.)
300 _aXXXIX, 319 p. ;
_c18 cm.
852 _aES-MaACL
_jG-10302
_z-- Enc. hol.
999 _c159603
_d159603